Music Quiz

Random Music or Family Guy Quiz
Score 0/12 Timer 03:00
0 Plays Today
% Correct
Kiss
98.8%
Michael Jackson
97.6%
The Beatles
96.5%
Marilyn Manson
96.5%
Elvis Presley
94.1%
Alice Cooper
92.9%
Bono
91.8%
Kurt Cobain
89.4%
ACDC
89.4%
Ozzy Osbourne
85.9%
Billy Joel
68.2%
David Bowie
30.6%
Remove Ads.
Support Sporcle.
Get the best of Sporcle when you Go Orange. This ad-free experience offers more features, more stats, and more fun while also helping to support Sporcle. Thank you for becoming a member.

You're not logged in!

Compare scores with friends on all Sporcle quizzes.
OR
Log In

Show Comments

Extras

Top Quizzes Today


Score Distribution

Your Account Isn't Verified!

In order to create a playlist on Sporcle, you need to verify the email address you used during registration. Go to your Sporcle Settings to finish the process.

Report this User

Report this user for behavior that violates our Community Guidelines.

Details: